Statistics for Country Shape Quiz #5

Click here to take the quiz!

General Stats

  • This quiz has been taken 46,195 times
  • The average score is 9 of 16

Answer Stats

Answer % Correct
Morocco
87%
Ireland
82%
Papua New Guinea
74%
Myanmar
71%
Finland
67%
Netherlands
64%
Pakistan
62%
Jordan
53%
Yemen
52%
South Korea
45%
Bahamas
45%
Tunisia
42%
Serbia
37%
Ecuador
34%
Estonia
31%
Qatar
22%

Score Distribution

Percentile by Number Answered

Percent of People with Each Score

Your Score History

You have not taken this quiz